00525nam a22001697a 4500003000400000008004100004082001600045100002000061245015100081260003800232300000900270502001600279650002700295650001100322650001100333650001100344OSt260422b |||||||| |||| 00| 0 eng d a634.6bA81E aRanjan, Ashish. aEffect of Foliar Sprays of Growth Substances and Mineral Nutrients on Flowering, Fruiting and Quality of Litchi (Litchi chinensis Sonn.) cv. Purbi aSabour, BhagalpurbBAC, RAUc2009 a65p. bPh.D.d2009 aHorticulture, Pomology aLitchi aThesis aM. Sc.